Základy práva životného prostredia.

Niektoré formy štátnej správy, prostredníctvom ktorých sa vplýva na postavenie ostatných subjektov starostlivosti o životné prostredie. Rozlíšenie základných foriem činnosti správnych orgánov a vysvetlenie externých normatívnych správnych aktov.

Na minha lista:
Detalhes bibliográficos
Autor principal: Klementová, S.
Formato: Capítulo de Livro
Idioma:eslovaco
Assuntos:
Tags: Adicionar Tag
Sem tags, seja o primeiro a adicionar uma tag!

MARC

LEADER 00000naa a2200000 4500
001 r011166
005 20220831085655.3
041 0 |a slo 
044 |a [CS] 
245 1 0 |a Základy práva životného prostredia.  |c S. Klementová 
520 |a Niektoré formy štátnej správy, prostredníctvom ktorých sa vplýva na postavenie ostatných subjektov starostlivosti o životné prostredie. Rozlíšenie základných foriem činnosti správnych orgánov a vysvetlenie externých normatívnych správnych aktov. 
610 2 0 |a prostredie životné 
610 2 0 |a správa štátna 
610 2 0 |a správa miestna 
610 2 0 |a ochrana prostredia životného 
610 2 0 |a predpisy právne 
610 2 0 |a zákony 
610 2 0 |a Slovensko 
100 1 |a Klementová, S.